<?xml version="1.0" encoding="UTF-8"?>
<record
    xmlns:xsi="http://www.w3.org/2001/XMLSchema-instance"
    xsi:schemaLocation="http://www.loc.gov/MARC21/slim http://www.loc.gov/standards/marcxml/schema/MARC21slim.xsd"
    xmlns="http://www.loc.gov/MARC21/slim">

  <leader>00675nam a22001577a 4500</leader>
  <controlfield tag="003">OSt</controlfield>
  <controlfield tag="005">20160209143535.0</controlfield>
  <controlfield tag="008">160209b        xxu||||| |||| 00| 0 eng d</controlfield>
  <datafield tag="040" ind1=" " ind2=" ">
    <subfield code="c">RUA</subfield>
  </datafield>
  <datafield tag="082" ind1=" " ind2=" ">
    <subfield code="a">MGR CHU 2004 B377 Or.1</subfield>
  </datafield>
  <datafield tag="100" ind1=" " ind2=" ">
    <subfield code="9">6997</subfield>
    <subfield code="a">CHUONG SOPHAL; &#x1787;&#x17BD;&#x1784; &#x179F;&#x17BB;&#x1795;&#x179B;</subfield>
  </datafield>
  <datafield tag="245" ind1=" " ind2=" ">
    <subfield code="a">Effect of green manure on sen pidor rice variety in irrgated sandy loam soil, &#x17A5;&#x1791;&#x17D2;&#x1792;&#x17B7;&#x1796;&#x179B;&#x1787;&#x17B8;&#x179F;&#x17D2;&#x179A;&#x179F;&#x17CB;&#x179B;&#x17BE;&#x1796;&#x17BC;&#x1787;&#x179F;&#x17D2;&#x179A;&#x17BC;&#x179C;&#x179F;&#x17C2;&#x1793;&#x1796;&#x17B7;&#x178A;&#x17C4;&#x179A;&#x179B;&#x17BE;&#x178A;&#x17B8;&#x179B;&#x17D2;&#x1794;&#x17B6;&#x1799;&#x1781;&#x17D2;&#x179F;&#x17B6;&#x1785;&#x17CB;&#x1780;&#x17D2;&#x1793;&#x17BB;&#x1784;&#x179B;&#x1780;&#x17D2;&#x1781;&#x1781;&#x178E;&#x17D2;&#x178C;&#x179F;&#x17D2;&#x179A;&#x17C4;&#x1785;&#x179F;&#x17D2;&#x179A;&#x1796;</subfield>
  </datafield>
  <datafield tag="260" ind1=" " ind2=" ">
    <subfield code="a">Phnom Penh </subfield>
    <subfield code="b">RUA</subfield>
    <subfield code="c">2004</subfield>
  </datafield>
  <datafield tag="300" ind1=" " ind2=" ">
    <subfield code="a">xii ;59p.</subfield>
    <subfield code="b">ill.</subfield>
    <subfield code="c">29cm.</subfield>
  </datafield>
  <datafield tag="942" ind1=" " ind2=" ">
    <subfield code="2">ddc</subfield>
    <subfield code="c">NRM</subfield>
  </datafield>
  <datafield tag="999" ind1=" " ind2=" ">
    <subfield code="c">6585</subfield>
    <subfield code="d">6585</subfield>
  </datafield>
  <datafield tag="952" ind1=" " ind2=" ">
    <subfield code="0">0</subfield>
    <subfield code="1">0</subfield>
    <subfield code="2">ddc</subfield>
    <subfield code="4">0</subfield>
    <subfield code="6">MGR_CHU_2004_000000000000000_B377_OR_1</subfield>
    <subfield code="7">0</subfield>
    <subfield code="9">37559</subfield>
    <subfield code="a">LBB</subfield>
    <subfield code="b">LBB</subfield>
    <subfield code="c">B377</subfield>
    <subfield code="d">2016-02-09</subfield>
    <subfield code="o">MGR CHU 2004 B377 Or.1</subfield>
    <subfield code="p">RUA049667</subfield>
    <subfield code="r">2016-02-09</subfield>
    <subfield code="w">2016-02-09</subfield>
    <subfield code="y">NRM</subfield>
  </datafield>
  <datafield tag="952" ind1=" " ind2=" ">
    <subfield code="0">0</subfield>
    <subfield code="1">0</subfield>
    <subfield code="2">ddc</subfield>
    <subfield code="4">0</subfield>
    <subfield code="6">MGR_CHU_2004_000000000000000_B377_OR_2</subfield>
    <subfield code="7">0</subfield>
    <subfield code="9">37560</subfield>
    <subfield code="a">LBB</subfield>
    <subfield code="b">LBB</subfield>
    <subfield code="c">B377</subfield>
    <subfield code="d">2016-02-09</subfield>
    <subfield code="l">1</subfield>
    <subfield code="o">MGR CHU 2004 B377 Or.2</subfield>
    <subfield code="p">RUA054945</subfield>
    <subfield code="r">2025-03-06</subfield>
    <subfield code="s">2025-01-29</subfield>
    <subfield code="w">2016-02-09</subfield>
    <subfield code="y">NRM</subfield>
  </datafield>
  <datafield tag="952" ind1=" " ind2=" ">
    <subfield code="0">0</subfield>
    <subfield code="1">0</subfield>
    <subfield code="2">ddc</subfield>
    <subfield code="4">0</subfield>
    <subfield code="6">MGR_CHU_2004_000000000000000_B377_OR_3</subfield>
    <subfield code="7">0</subfield>
    <subfield code="9">37561</subfield>
    <subfield code="a">LBB</subfield>
    <subfield code="b">LBB</subfield>
    <subfield code="c">B377</subfield>
    <subfield code="d">2016-02-09</subfield>
    <subfield code="l">2</subfield>
    <subfield code="o">MGR CHU 2004 B377 Or.3</subfield>
    <subfield code="p">RUA048623</subfield>
    <subfield code="r">2018-01-12</subfield>
    <subfield code="s">2017-08-26</subfield>
    <subfield code="w">2016-02-09</subfield>
    <subfield code="y">NRM</subfield>
  </datafield>
  <datafield tag="952" ind1=" " ind2=" ">
    <subfield code="0">0</subfield>
    <subfield code="1">0</subfield>
    <subfield code="2">ddc</subfield>
    <subfield code="4">0</subfield>
    <subfield code="6">MGR_CHU_2004_000000000000000_B377_OR_4</subfield>
    <subfield code="7">0</subfield>
    <subfield code="9">37562</subfield>
    <subfield code="a">LBB</subfield>
    <subfield code="b">LBB</subfield>
    <subfield code="c">B377</subfield>
    <subfield code="d">2016-02-09</subfield>
    <subfield code="o">MGR CHU 2004 B377 Or.4</subfield>
    <subfield code="p">RUA049984</subfield>
    <subfield code="r">2016-02-09</subfield>
    <subfield code="w">2016-02-09</subfield>
    <subfield code="y">NRM</subfield>
  </datafield>
  <datafield tag="952" ind1=" " ind2=" ">
    <subfield code="0">0</subfield>
    <subfield code="1">0</subfield>
    <subfield code="2">ddc</subfield>
    <subfield code="4">0</subfield>
    <subfield code="6">MGR_CHU_2004_000000000000000_B377_OR_5</subfield>
    <subfield code="7">0</subfield>
    <subfield code="9">37563</subfield>
    <subfield code="a">LBB</subfield>
    <subfield code="b">LBB</subfield>
    <subfield code="c">B377</subfield>
    <subfield code="d">2016-02-09</subfield>
    <subfield code="o">MGR CHU 2004 B377 Or.5</subfield>
    <subfield code="p">RUA050292</subfield>
    <subfield code="r">2016-02-09</subfield>
    <subfield code="w">2016-02-09</subfield>
    <subfield code="y">NRM</subfield>
  </datafield>
  <datafield tag="952" ind1=" " ind2=" ">
    <subfield code="0">0</subfield>
    <subfield code="1">0</subfield>
    <subfield code="2">ddc</subfield>
    <subfield code="4">0</subfield>
    <subfield code="6">MGR_CHU_2004_000000000000000_B377_OR_6</subfield>
    <subfield code="7">0</subfield>
    <subfield code="9">37564</subfield>
    <subfield code="a">LBB</subfield>
    <subfield code="b">LBB</subfield>
    <subfield code="c">B377</subfield>
    <subfield code="d">2016-02-09</subfield>
    <subfield code="l">1</subfield>
    <subfield code="o">MGR CHU 2004 B377 Or.6</subfield>
    <subfield code="p">RUA049983</subfield>
    <subfield code="r">2024-12-24</subfield>
    <subfield code="s">2024-12-12</subfield>
    <subfield code="w">2016-02-09</subfield>
    <subfield code="y">NRM</subfield>
  </datafield>
</record>
